000 00981nam a2200265 i 4500
001 13055
003 KOSZ 005
005 20260603063328.0
008 070916s1969 pl ab f 000 0 pol
015 _aPB 1969/9189
040 _aWA N
_cKOSZ 005/ID
_dKOSZ 005/ID
080 _a63(410)
100 1 _aKłodziński, Marek
_d(1938- )
245 1 0 _aRolnictwo Wielkiej Brytanii /
_cMarek Kłodziński.
260 _aWarszawa :
_bPaństwowe Wydawnictwo Rolnicze i Leśne,
_c1969.
300 _a214, [2] s. :
_bil., mapy ;
_c18 cm.
380 _aKsiążki.
490 1 _aRolnictwo na Świecie.
504 _aBibliogr. s. 200-[201].
650 4 _aRolnictwo
_zWielka Brytania.
710 2 _aPaństwowe Wydawnictwo Rolnicze i Leśne
_4pbl.
830 0 _aRolnictwo na Świecie - Państwowe Wydawnictwo Rolnicze i Leśne.
856 _uhttp://koha.tu.koszalin.pl/cgi-bin/koha/opac-detail.pl?biblionumber=13055
_yKatalog online BPK
942 _2UKD
_cKS
999 _c13055
_d13055